00960 2200337 4500001002100000005001500021035002000036007000300056040001600059100003400075245007300109250000900182300004600191020002200237041000800259082001400267084002000281090002600301264003000327336002100357337003000378338002300408650001200431700004700443850001000490008004100500990002000541990002000561990002000581990002100601INLIS00000000000749620260602021310 a0010-0822000470ta aSBUPADbind0 aSheila GondowijoyoePengarang1 aBack to The Kitchen :bAnyone Can Cook Western /cSheila Gondowijoyo aEd.1 aviii, 106 hlm :bilus ;c24 x 20,5 cmeCD a978-979-29-1600-307aind a641.508.9 a641.508.9 SHE b a641.508.9 SHE b L20-9 aYogyakarta :bANDI,c2010 2rdacontentateks 2rdamediaatanpa perantara 2rdacarrieravolume 4aMakanan aEditor, Theresia Arie PrabawatiePengarang aPUPAD260602 0  a27.398/H/DPK/17 a27.399/H/DPK/17 a27.400/H/DPK/17 a27.397 /H/DPK/17